000 00219nam a2200097Ia 4500
008 190216s9999||||xx |||||||||||||| ||und||
100 _aUnnikrishnan Ayuvanthala
245 0 _aKallimullukal
260 _bNull
942 _cBK
999 _c23551
_d23551